Normal view
MARC view
- Block theory (Rock mechanics)
Entry Topical Term
001 - CONTROL NUMBER
- control field: 42537
003 - CONTROL NUMBER IDENTIFIER
- control field: NUST
005 - DATE AND TIME OF LATEST TRANSACTION
- control field: 20210314132339.0
008 - FIXED-LENGTH DATA ELEMENTS
- fixed length control field: 210314|| aca||aabn | a|a d
040 ## - CATALOGING SOURCE
- Original cataloging agency: NUST
- Transcribing agency: NUST
150 ## - HEADING--TOPICAL TERM
- Topical term or geographic name entry element: Block theory (Rock mechanics)
670 ## - SOURCE DATA FOUND
- Source citation: Work cat.: (NUST): Goodman, Richard E. 25576, Block theory and its application to rock engineering /, c1985.
